000
00296nam a2200121Ia 4500
005
20251222141952.0
008
251222s9999||||xx |||||||||||||| ||spa||
020
_a
84-87767-95-8
082
_a
153.6/A21
100
_a
Acosta, VĂctor M.
245
0
_a
Dificultades del Habla Infantil:
942
_c
LIB
999
_c
9733
_d
9733